| 000 | 00491nam a2200145Ia 4500 | ||
|---|---|---|---|
| 008 | 170221s9999 xx 000 0 und d | ||
| 100 | _aMumtaj Hassan | ||
| 245 | 4 | _aThe Managerial Prerogative on Retrenchment in Malaysia | |
| 245 | _cMumtaj Hassan, Mohammad Azam Hussain, Md Rejab Md Desa | ||
| 260 | _bInternational Review of Management and Marketing | ||
| 260 | _c2017 | ||
| 300 | _a7 : 1 | ||
| 650 | _xMarketing. | ||
| 856 | _uhttp://www.econjournals.com/index.php/irmm/issue/view/97 | ||
| 999 |
_c312365 _d312365 |
||